00607 2200229 4500001002100000005001700021008004100038035002400079040001200103082001200115090001900127100001900146245007500165250001100240260002800251300002300279650001800302700001500320850001200335990001500347990001500362YOGYA-0209000000867020090227021130.0 ind  0010-020900000008670 aYOPDYOG a150.195 a150.195bFre S aFREUD, Sigmund aSekelumit sejarah psikoanalisacSigmund Freud ; terjemahan, K. Bertens aCet. 2 aJakartabGramediac1986 axi, 146 hlmc21 cm aPsikoanalisis aBertens, K aYOPDYOG a93P0046405 a75804-P/95